[Event "23rd Pirc Memorial GM 2020"]
[Site "Maribor"]
[Date "2020.08.16"]
[Round "9.2"]
[White "Markoja, Boris"]
[Black "Marn, Jan"]
[Result "0-1"]
[WhiteElo "2440"]
[BlackElo "2360"]
[Annotator "TA"]
[PlyCount "110"]
[EventDate "2020.08.10"]
[EventType "tourn"]
[EventCountry "SLO"]
[SourceTitle "playchess.com"]
[Source "ChessBase"]
[SourceQuality "1"]

{[%evp 9,110,15,24,17,31,25,19,20,28,28,20,17,28,0,16,0,0,5,15,-7,0,-61,-61,-41,-29,-45,-14,-46,-52,-51,-45,-197,-203,-206,-200,-233,-195,-204,-202,-199,-198,-204,-209,-205,-193,-191,-185,-192,-191,-195,-203,-193,-181,-176,-183,-174,-173,-254,-231,-230,-228,-213,-228,-212,-179,-168,-189,-178,-178,-166,-181,-183,-163,-228,-196,-244,-244,-244,-244,-379,-350,-390,-333,-472,-443,-481,-477,-673,-632,-823,-760,-1830,-1583,-29945,-12849,-12811,-10553,-6816,-6127,-5077,-2040,-1157,-1030]} 1. d4 d5 2. c4 e6 3. Nf3 Nf6 4. Qc2 c5 5. dxc5 Nc6 {[#]} 6. cxd5 $146 {D30: Queen's Gambit Declined: Systems without Nc3.} ({Predecessor:} 6. a3 Bxc5 7. cxd5 Qxd5 8. Nc3 Qf5 9. e4 Qg6 10. Bf4 O-O 11. O-O-O e5 12. Nxe5 Nxe5 13. Bxe5 {½-½ (43) Shen,Y (2459)-Saduakassova,D (2398) Chengdu 2015}) 6... Qxd5 7. Nc3 Qxc5 8. e4 {The position is equal.} Be7 9. Be3 Qa5 10. Be2 O-O 11. Nd2 Bd7 12. O-O Rac8 13. a3 Rfd8 14. b4 Qc7 15. Nb5 ({White should try} 15. Rac1 $11) 15... Qb8 $1 $15 16. Qb2 a6 17. Nc3 Be8 18. f4 Nd4 19. Bxd4 $1 Rxd4 20. Nd5 $2 {[#] White does not recover from this.} (20. Rac1 $15) 20... Nxd5 $1 $19 {[%mdl 512]} 21. Qxd4 (21. exd5 Bf6) 21... Nxf4 22. Qe3 Nxe2+ 23. Qxe2 Bb5 24. Qf2 Bxf1 25. Rxf1 Bf6 26. Nf3 Qf4 27. e5 Bd8 28. g3 Qf5 29. Qd4 Qc2 30. Qd7 {[%cal Rd7e8]} Bb6+ 31. Kh1 Qc6 32. Qxc6 Rxc6 {[%mdl 4096] Endgame KRB-KRN} 33. Ng5 {[#]} (33. Rd1 $142) 33... Be3 $1 {[%cal Re3g5]} 34. Ne4 Rc1 35. Rxc1 Bxc1 {KB-KN} 36. a4 Bb2 37. Nc5 Bc3 38. b5 axb5 39. axb5 Bxe5 40. Nxb7 Kf8 41. Kg2 (41. Na5 $142 Ke7 42. Nc4) 41... Ke7 42. Kf3 Bd4 43. Na5 {Hoping for Nc6+.} Kd6 44. Ke4 (44. Nb3 {was called for.} Bb6 45. Nd2) 44... Bb6 45. Nc4+ Kc5 46. Ne5 (46. Nd2 $142) 46... f5+ 47. Kf3 Kxb5 48. Nf7 (48. Ke2 $142 h6 49. Ng6) 48... h6 49. g4 {intending gxf5.} Bc7 50. h4 Kc6 51. gxf5 exf5 52. h5 {Black is clearly winning.} Kd7 53. Nh8 Ke6 54. Ng6 Kf6 (54... Bd6 $142 55. Nh4 Kf6) 55. Nf8 Bd6 {Accuracy: White = 51%, Black = 92%.} 0-1

[Event "23rd Pirc Memorial GM 2020"]
[Site "Maribor"]
[Date "2020.08.16"]
[Round "9.3"]
[White "Schwabeneder, Florian"]
[Black "Kozul, Zdenko"]
[Result "1/2-1/2"]
[WhiteElo "2431"]
[BlackElo "2597"]
[Annotator "TA"]
[PlyCount "116"]
[EventDate "2020.08.10"]
[EventType "tourn"]
[EventCountry "SLO"]
[SourceTitle "playchess.com"]
[Source "ChessBase"]
[SourceQuality "1"]

{[%evp 9,116,27,17,22,16,14,18,0,0,0,0,0,6,-11,14,-13,-14,-20,-29,-33,-33,-34,-31,-41,-13,-23,0,-12,-6,-8,0,-15,-5,-18,-15,-28,0,-12,0,-36,0,-33,0,-16,14,15,18,15,31,20,34,13,50,47,45,35,71,78,79,34,27,17,17,10,14,15,10,6,33,11,52,12,38,38,38,38,148,67,134,125,126,87,87,87,87,87,106,84,105,63,63,65,67,67,67,67,67,67,67,60,67,67,69,0,67,0,68,0,58]} 1. c4 g6 2. Nc3 Bg7 3. g3 e6 4. Bg2 Ne7 5. Nf3 d5 6. d4 {A10: English Opening: Unusual Replies for Black.} O-O 7. cxd5 exd5 8. O-O c6 9. Bf4 Nf5 {[#]} 10. h3 $146 ({Predecessor:} 10. Qd2 Nd7 11. g4 Nh4 {½-½ (11) Fernandez Lledo,J (2251)-Barria Zuniga,D (2427) Madrid 2014}) 10... Na6 11. Rc1 Nd6 12. b3 Nc7 13. Be5 Bh6 14. Bxd6 Qxd6 15. e3 Re8 16. Re1 Re7 17. Na4 f6 18. Nc5 b6 19. Nd3 a5 20. Nb2 Bd7 21. Na4 Rb8 $1 22. Qc2 Qa3 23. Bf1 Ne8 {[%cal Bc7e8,Be8d6,Bd6e4][%mdl 32]} 24. Rcd1 Bg7 25. Nd2 f5 26. Nf3 Nd6 (26... Qd6 {feels hotter.} 27. Nb2 Nf6 28. Nd3 Ne4 29. h4 Bc8) 27. Qb2 Qxb2 28. Nxb2 Ne4 29. Rc1 Rc8 30. Rc2 g5 31. Nd3 Be8 32. Rec1 Re6 33. h4 h6 34. hxg5 hxg5 35. b4 Ra8 36. a3 axb4 37. axb4 Ra4 38. Kg2 Kf8 39. Rb1 Ra3 40. Rbb2 (40. b5 $5) 40... Ke7 41. Ra2 Rxa2 42. Rxa2 g4 {[#]} (42... Bf8 $14) 43. Ra7+ ({White should play} 43. Nh4 $1 $16) 43... Kf8 ({Black should try} 43... Kf6 $1 $14) 44. Nh4 $16 Nd6 45. Ra6 b5 46. Nc5 Rf6 47. Bd3 Bh6 48. Kg1 Bg5 49. Ng2 Rh6 50. Ne1 Be7 51. Be2 Nc4 52. Ned3 Bd6 53. Kg2 Rf6 54. Ra8 {[#] Strongly threatening Nd7+.} Rh6 55. Nb7 Be7 56. Nbc5 Bd6 57. Nb7 Be7 58. Nbc5 Bd6 {Accuracy: White = 83%, Black = 75%.} 1/2-1/2

[Event "23rd Pirc Memorial GM 2020"]
[Site "Maribor"]
[Date "2020.08.16"]
[Round "9.5"]
[White "Mikhalchishin, Adrian"]
[Black "Bratkovic, Sham"]
[Result "1-0"]
[WhiteElo "2458"]
[BlackElo "2236"]
[Annotator "TA"]
[PlyCount "127"]
[EventDate "2020.08.10"]
[EventType "tourn"]
[EventCountry "SLO"]
[SourceTitle "playchess.com"]
[Source "ChessBase"]
[SourceQuality "1"]

{[%evp 20,127,4,3,17,0,0,0,24,14,33,8,29,7,21,12,20,22,67,0,0,0,0,0,12,13,14,0,15,10,16,16,63,68,52,45,131,131,123,123,144,153,164,131,131,122,130,123,131,125,133,126,133,90,126,126,193,152,152,118,145,145,145,125,126,118,147,0,126,0,145,0,0,0,137,117,108,79,116,109,210,210,210,210,210,210,210,210,210,203,203,203,223,222,249,241,300,292,292,291,29980,29981,29981,29981,29981,29982,29988,29989,29989,29990]} 1. d4 d5 2. c4 c6 3. Nf3 Nf6 4. e3 e6 5. Bd3 dxc4 6. Bxc4 Nbd7 7. O-O Bd6 8. Nc3 O-O 9. Qc2 a6 10. a4 c5 11. Rd1 Qc7 {is the legacy move (11...cxd4). D46: Semi-Slav: 5 e3 Nbd7 6 Bd3, Black avoids the Meran.} 12. Qe2 h6 13. h3 {[#]} Re8 $146 {The position is equal.} ({Predecessor:} 13... e5 14. dxc5 Bxc5 15. e4 Nb6 16. Ba2 Be6 17. Be3 {½-½ (16) Drozdovskij,Y (2608)-Hillarp Persson,T (2517) Borup 2010}) 14. dxc5 Bxc5 15. e4 e5 16. Ba2 Nf8 17. Be3 Bxe3 18. Qxe3 Be6 19. Nd5 (19. Bxe6 $1 $14 Rxe6 20. Nd5) 19... Bxd5 $1 $11 20. Bxd5 Nxd5 21. Rxd5 Rad8 22. Rc1 $36 {[%mdl 2048] Black is under pressure.} Qb8 23. Rcd1 Rxd5 24. Rxd5 Ng6 25. g3 Qc8 26. Kg2 Qc2 27. b3 Rc8 (27... f6 $14) 28. Nxe5 $16 Nxe5 29. Rxe5 {[%mdl 4096] Endgame KQR-KQR} Qc3 30. Re8+ Kh7 31. Rxc8 Qxc8 $18 {KQ-KQ} 32. Qf4 Kg8 33. Qe5 b6 34. h4 a5 35. Qd6 Qc2 36. Qd8+ Kh7 37. Qd5 Qe2 (37... Kg8 $16 38. Kf3 Qc3+ 39. Ke2 Qc2+ 40. Ke3 Qc1+ 41. Qd2 Qc7) 38. Qc4 ({Resist} 38. Qxf7 Qxe4+ 39. Qf3 Qe6 $16) 38... Qe1 39. h5 Kg8 40. Qd3 Qb4 41. Qd8+ Kh7 42. Qd5 Kg8 43. Qc4 (43. Kf1 $16) 43... Qd6 (43... Qe1 $1 $11 {remains equal.}) 44. Qd5 Qb4 $1 45. Qd8+ ({White should try} 45. f3 $16) 45... Kh7 $11 46. Qd3 (46. Qd1 $11) 46... Kg8 $16 47. e5 Qg4 48. Qf3 (48. Qd8+ {seems wilder.} Kh7 49. Qxb6 Qe4+ 50. Kh2 Qf3 51. Qc5) 48... Qd4 49. Qe3 Qb4 (49... Qd5+ $16 50. f3 Qe6) 50. f4 $18 b5 {[#]} 51. e6 $1 {[%cal Re6e7] White wants to mate with e7.} fxe6 52. Qxe6+ Kh7 53. Qg6+ Kh8 54. Qe8+ {[%mdl 64] Double Attack} Kh7 55. Qxb5 ({Don't do} 55. axb5 $6 Qxb3 56. Qg6+ Kh8 $16) 55... Qe4+ {[#]} 56. Kf2 $1 Qd4+ 57. Ke2 {aiming for Qd3+.} Qe4+ 58. Kd2 {And now Qd3 would win.} Qg2+ 59. Kc3 Qxg3+ $2 (59... Qf2 $18 60. Qd3+ Kh8) 60. Qd3+ {White mates.} Qxd3+ 61. Kxd3 g6 {[#]} 62. b4 $1 {[%cal Bb3b4,Bb4a5,Ba5a6][%mdl 544]} gxh5 (62... axb4 63. a5) 63. bxa5 h4 64. a6 {Accuracy: White = 83%, Black = 63%.} 1-0